000 00317 a2200157 4500
001 170226
020 _a
040 _cMagnum
100 _aAndrade, Carlos Drummond de
240 1 0 _aOs dias lindos
_lpor
245 1 0 _aOs dias lindos
362 0 _a1899
440 1 _aRecord
697 _aA/CRONICA
942 _cBK
999 _c170226
_d170226